000 00624nas a2200229 4500
001 BR8806925
003 BR-BrBNA
005 20231205091353.0
007 ta
008 230509b bl.|||p| |||| 00| 00por d
040 _aBR-BrBNA
_bpor
_cBiblioteca Nacional de Agricultura
041 _a(Pt)
072 _aL01
100 1 _aNunes, J.F.
245 1 _aLactacao e reproducao
650 _aLACTACAO
650 _aREPRODUCAO ANIMAL
650 _aCAPRINOCULTURA
773 0 _tCabras e Bodes (Brazil)
_xISSN 0102-7344
_g(1988), v. 4(16) p. 24
_wBR8806925
909 _a202311
_bLúcia
_c55
_dLúcia Elande
942 _2AGRIS
_n0
_cANA
999 _c124640
_d124640